000 00533nam a2200181Ia 4500
003 GCL
008 140319s9999 xx 000 0 ara d
040 _aGCL /
_cGCL
082 0 4 _a213
_bس ر
100 1 _aالشوادفى الباز
245 1 0 _aلماذا أسلم هؤلاء القساوسة ? الجزء الثانى /
_cالشوادفى الباز
300 _a80 ص
490 _a
650 0 4 _aالاسلام
650 0 4 _aالاسلام والمسيحية
650 0 4 _aاعتناق الاسلام
942 _2ddc
_cBK
999 _c45094
_d45094